000 00862nam a22002777a 4500
001 BR6800598
003 BR-BrBNA
005 20230928083521.0
007 ta
008 230509b bl.||||| |||| 00| 0 por d
040 _aBR-BrBNA
_bpor
_cBiblioteca Nacional de Agricultura
041 _a(Por)
072 _aE30
_b/G514
090 _ E30 BR6800598
110 1 _aSuperintendencia do Desenvolvimento da Amazonia, Belem, PA (Brasil)
245 1 _aAmazonia presente e futuro [Brasil]
260 3 _aBelem, PA (Brasil):
_c1968.
300 _a29 p.
500 _a12 ref. (*) Documento disponível na(o) Superintendencia do Desenvolvimento da Amazonia, Belem, PA (Brazil)
650 _aDESENVOLVIMENTO ECONOMICO
650 _aDESENVOLVIMENTO SOCIAL
650 _aINVESTIMENTO
650 _aAMAZONIA
909 _a202309
_bLucia
_c55
_dLucia Elande
942 _cBK
999 _c13920
_d13920